Kultur Gé - Statistiques

Statistiques générales
  • Ce quiz a été pris 31 fois
  • Le résultat moyen est 2 sur 20
Statistiques - réponses
Question Réponse % Correct
Quel est l’animal emblème de l’Australie ? Kangourou
96%
Quel gaz les plantes absorbent-elles pour produire de l’oxygène ? Dioxyde de carbone
58%
Combien font 8 × 7 ? 56
38%
Qui a peint La Nuit étoilée Van Gogh
25%
Quelle ville française est célèbre pour ses nougats ? Montélimar
17%
Combien d’os compose le squelette humain adulte ? 206
8%
Quel écrivain est l’auteur de À la recherche du temps perdu ? Marcel Proust
4%
En quelle année l’euro est-il devenu la monnaie officielle en France ? 2002
0%
Combien y a-t-il de continents sur Terre ? 7
0%
Quelle molécule est responsable de la transmission de l’influx nerveux au niveau des synapses musculaires ? Acétylcholine
0%
Qui a écrit Le Petit Prince ? Antoine de Saint-Exupery
0%
Quelle est la capitale du Kazakhstan ? Astana
0%
Quel est le nom du président américain qui a aboli l’esclavage ? Lincoln
0%
Quel philosophe a écrit La Naissance de la tragédie ? Nietzsche
0%
Quel est le pays le plus peuplé d’Afrique ? Nigéria
0%
Quel est le plus grand océan du monde ? Pacifique
0%
Dans quel pays a eu lieu la révolution des Œillets ? Portugal
0%
Quel mathématicien grec est célèbre pour son théorème sur les triangles rectangles ? Pythagore
0%
En informatique, qu’est-ce que l’algorithme de Dijkstra permet de résoudre ? Recherche du plus court chemin
0%
Qui a composé Le Sacre du Printemps ? Stravinsky
0%
Aucun quiz correspondant
Distribution des résultats
% des personnes avec chaque résultat
Percentile par nombre de réponses
Votre historique - résultats
Vous n’avez pas pris ce quiz